• 首页
  • 本馆介绍
  • 公告通知
  • 最新文献
  • 馆藏检索
  • 电子资源
  • 读者导购
  • 参考咨询
  • 我的图书馆
  • 登录
  • 详细信息显示
  • 放入我的书架
  • 预约/预借图书
  • 作者相关作品
  • 分类相关作品
  • 丛书相关作品
  • 出版社相关作品

书目信息

  • 表格格式
  • 工作单格式
  • 卡片格式
题名:
性别与法律
    
 
作者: 周安平 著
分册:  
出版信息: 北京   法律出版社  2007
页数: 272页
开本: 21cm
丛书名:
单 册:
中图分类: D913.04 , C913.68
科图分类:
主题词: 男女平等--法律--研究
电子资源:
ISBN: 978-7-5036-7171-5
000 01056nam0 2200253 450
001 012007057221
005 20070806092230.18
010    @a978-7-5036-7171-5@dCNY23.00@z7-5036-7171-8
100    @a20070630d2007 em y0chiy0110 ea
101 0  @achi@deng
102    @aCN@b110000
105    @ay z 000yy
200 1  @a性别与法律@9xing bie yu fa lu^@e性别平等的法律进路@elegal road to gender equality@f周安平著
210    @a北京@c法律出版社@d2007
215    @a272页@d21cm
330    @a本书主要内容包括:性与性别、传统法律对性别歧视的建构、性别平等及其法律进路、性别平等与性的权利、性别平等与家庭暴力等,从性别歧视的法律起源入手,揭示了法律关于性别的公共领域与私人领域对立划分的二元结构,从而揭示了性别歧视与这一二元结构的同构性。
510 1  @aGender and law@elegal road to gender equality@zeng
517 1  @a性别平等的法律进路@9xing bie ping deng de fa lu^ jin lu
606 0  @a男女平等@x法律@x研究
690    @aD913.04@v4
690    @aC913.68@v4
701  0 @a周安平@9zhou an ping@4著
801  0 @aCN@bRENTIAN@c20070806
905    @a10447@dC913.68@e635
    
    性别与法律:性别平等的法律进路:legal road to gender equality/周安平著.-北京:法律出版社,2007
    272页;21cm
    
    
    ISBN 978-7-5036-7171-5:CNY23.00
    本书主要内容包括:性与性别、传统法律对性别歧视的建构、性别平等及其法律进路、性别平等与性的权利、性别平等与家庭暴力等,从性别歧视的法律起源入手,揭示了法律关于性别的公共领域与私人领域对立划分的二元结构,从而揭示了性别歧视与这一二元结构的同构性。
●
相关链接 在E读中查询图书 在五车中查询图书 在当当中查询图书 在豆瓣中查询图书


正题名:性别与法律     索取号:C913.68/635         预约/预借

序号 登录号 条形码 馆藏地/架位号 状态 备注
1 0806806   208068062   第一样本阅览室/ [索取号:C913.68/635] 在馆    
2 0806807   208068071   教育系资料室/ [索取号:C913.68/635] 在馆    
3 0806808   208068080   第一借阅区/ [索取号:C913.68/635] 在馆    
4 0806809   208068099   教育系资料室/ [索取号:C913.68/635] 在馆    
5 0806810   208068106   教育系资料室/ [索取号:C913.68/635] 在馆    
6 0806811   208068115   教育系资料室/ [索取号:C913.68/635] 在馆    
7 0806812   208068124   第一借阅区/ [索取号:C913.68/635] 在馆    
8 0806813   208068133   第一借阅区/ [索取号:C913.68/635] 在馆    
9 0806814   208068142   第一借阅区/ [索取号:C913.68/635] 在馆    
10 0806815   208068151   教育系资料室/ [索取号:C913.68/635] 在馆    
唐山师范学院图书馆 欢迎您!
大连网信软件有限公司© 版权所有